000 00429nam a22001577a 4500
020 _a978-93-80658-78-0
082 _a823
_bRIN/L
100 _aRING, SUSAN
245 _aLITTLE EINSTEINS
_bTHE LITTLE EINSTEIN TREASURY VOL-2
246 _aLITTLE EINSTEINS
_bTHE LITTLE EINSTEIN TREASURY VOL-2
260 _aCHENNAI
_bDISNEY ENTERPRISE, INC
_c2010
300 _a55
520 _aSHORT STORY
650 _aSHORT STORY
942 _cBK
999 _c2157
_d2157